The statistical analysis of compositional data / (Record no. 26350)

MARC details
000 -LEADER
fixed length control field 00939pam a2200289 a 4500
001 - CONTROL NUMBER
control field 987596
003 - CONTROL NUMBER IDENTIFIER
control field OSt
005 - DATE AND TIME OF LATEST TRANSACTION
control field 20220110150732.0
008 - FIXED-LENGTH DATA ELEMENTS--GENERAL INFORMATION
fixed length control field 860211s1986 enka b 001 0 eng
010 ## - LIBRARY OF CONGRESS CONTROL NUMBER
LC control number 86002685
020 ## - INTERNATIONAL STANDARD BOOK NUMBER
International Standard Book Number 0412280604 (U.S.)
040 ## - CATALOGING SOURCE
Original cataloging agency DLC
Transcribing agency HU
Modifying agency DLC
050 00 - LIBRARY OF CONGRESS CALL NUMBER
Classification number QA278
Item number .A37 1986
082 00 - DEWEY DECIMAL CLASSIFICATION NUMBER
Classification number 519.5/35 AIT 1986
Edition number 19
100 1# - MAIN ENTRY--PERSONAL NAME
Personal name Aitchison, J.
Fuller form of name (John),
Dates associated with a name 1926-
9 (RLIN) 27456
245 14 - TITLE STATEMENT
Title The statistical analysis of compositional data /
Statement of responsibility, etc. J. Aitchison.
260 ## - PUBLICATION, DISTRIBUTION, ETC.
Place of publication, distribution, etc. London ;
-- New York :
Name of publisher, distributor, etc. Chapman and Hall,
Date of publication, distribution, etc. 1986.
300 ## - PHYSICAL DESCRIPTION
Extent xv, 416 p. :
Other physical details ill. ;
Dimensions 23 cm.
440 #0 - SERIES STATEMENT/ADDED ENTRY--TITLE
Title Monographs on statistics and applied probability
9 (RLIN) 7624
500 ## - GENERAL NOTE
General note Includes indexes.
504 ## - BIBLIOGRAPHY, ETC. NOTE
Bibliography, etc. note Bibliography: p. 344-352.
650 #0 - SUBJECT ADDED ENTRY--TOPICAL TERM
Topical term or geographic name entry element Multivariate analysis.
9 (RLIN) 3579
650 #0 - SUBJECT ADDED ENTRY--TOPICAL TERM
Topical term or geographic name entry element Correlation (Statistics)
9 (RLIN) 27457
740 0# - ADDED ENTRY--UNCONTROLLED RELATED/ANALYTICAL TITLE
Uncontrolled related/analytical title Compositional data.
906 ## - LOCAL DATA ELEMENT F, LDF (RLIN)
a 7
b cbc
c orignew
d 1
e ocip
f 19
g y-gencatlg
942 ## - ADDED ENTRY ELEMENTS (KOHA)
Source of classification or shelving scheme Dewey Decimal Classification
Koha item type Books like text book referance book
Suppress in OPAC No
Holdings
Withdrawn status Lost status Source of classification or shelving scheme Damaged status Not for loan Collection code Home library Current library Shelving location Date acquired Total Checkouts Full call number Barcode Date last seen Copy number Price effective from Koha item type
    Dewey Decimal Classification     Reference Wondo Genet Library Wondo Genet Library General Stacks 01/10/2022   519.5/35 AIT 1986 WGCFNRL00010370 01/10/2022 1 01/10/2022 Books like text book referance book